Financial Accounting / Second Edition (Record no. 679)
[ view plain ]
| 000 -LEADER | |
|---|---|
| fixed length control field | 01514cam a22002294a 4500 |
| 005 - ΗΜΕΡΟΜΗΝΙΑ ΚΑΙ ΩΡΑ ΤΕΛΕΥΤΑΙΑΣ ΕΝΗΜΕΡΩΣΗΣ | |
| Πεδίο ελέγχου | 20250605163942.0 |
| 008 - FIXED-LENGTH DATA ELEMENTS--GENERAL INFORMATION | |
| Πεδίο ελέγχου σταθερού μήκους | 250528s ||||||||||||||||||||||||d |
| 035 ## - SYSTEM CONTROL NUMBER | |
| System control number | 15080 |
| 020 ## - ISBN | |
| ISBN | 135188385 |
| 040 ## - ΠΗΓΗ ΚΑΤΑΛΟΓΟΓΡΑΦΗΣΗΣ | |
| Φορέας πρωτότυπης καταλογογράφησης | MC Athens Campus Library |
| Γλώσσα καταλογογράφησης | Ελληνικά, Μοντέρνα (1453-) |
| Modifying agency | MC Athens Campus Library |
| Κανόνες περιγραφικής καταλογογράφησης | AACR2 |
| 245 1# - ΤΙΤΛΟΣ ΚΑΙ ΔΗΛΩΣΗ ΥΠΕΥΘΥΝΟΤΗΤΑΣ | |
| Τίτλος | Financial Accounting / Second Edition |
| 250 ## - EDITION STATEMENT | |
| Edition statement | 2nd |
| 260 ## - PUBLICATION, DISTRIBUTION, ETC. | |
| Name of publisher, distributor, etc. | Prentice Hall |
| -- | Southworth Alan, |
| Date of publication, distribution, etc. | 1985 |
| 300 ## - PHYSICAL DESCRIPTION | |
| Extent | 578 |
| 520 ## - SUMMARY, ETC. | |
| Summary, etc. | A distinctive and stimulating framework for understanding the principles upon which the financial performance and position of a company are measured. Preface, Introduction, Basic Framework, The Role and Context of Accounting, Accounting and Decision Making, The Regulation of Financial Reporting, The Conventional Accounting Model of the Organization, The Transformation Process and Financial Statements, Financial Statements and the Accounting Equation, Fixed and Intangible Assets, Stocks, Sources of Finance, Double-Entry Bookkeeping, Interpretation of Accounts: Ratio Analysis, Interpretation of Accounts: Cash Flow Statements, Limitations of the Conventional Model, Problems with the Conventional Accounting Model, Accounting for Changing Prices, Evaluation of Alternative Accounting Methods, Advanced Issues, Conceptual Frameworks and International Harmonization, Introduction to Accounting for Groups, Intangibles Revisited, Summary and Review, Index. |
| 700 1# - ΠΡΟΣΘΕΤΗ ΑΝΑΓΡΑΦΗ--ΦΥΣΙΚΟ ΠΡΟΣΩΠΟ | |
| Personal name | Arnold John |
| 9 (RLIN) | 920 |
| 700 1# - ΠΡΟΣΘΕΤΗ ΑΝΑΓΡΑΦΗ--ΦΥΣΙΚΟ ΠΡΟΣΩΠΟ | |
| Personal name | Hope Tony |
| 9 (RLIN) | 921 |
| 700 1# - ΠΡΟΣΘΕΤΗ ΑΝΑΓΡΑΦΗ--ΦΥΣΙΚΟ ΠΡΟΣΩΠΟ | |
| Personal name | Kirkman Linda |
| 9 (RLIN) | 922 |
| 942 ## - ADDED ENTRY ELEMENTS (KOHA) | |
| Koha item type | Books |
| Τύπος τεκμηρίου | Βιβλιοθήκη | Τρέχουσα τοποθεσία | Barcode | Αριθμός εισαγωγής | Ημερομηνία απόκτησης | Ταξιθετικό σύμβολο | Αριθμός αντιτύπου | Κατάσταση απόσυρσης | Κατάσταση χαμένου | Κατάσταση κατεστραμμένου | Μη δανεισμός | Σύνολο δανεισμών | Ημερομηνία τελευταίας εμφάνισης | Η τιμή ισχύει από |
|---|---|---|---|---|---|---|---|---|---|---|---|---|---|---|
| Books | MC Athens Campus Library | MC Athens Campus Library | 9780000006783 | 1307 | 05/06/2025 | 657 ARN | 1 | 05/06/2025 | 05/06/2025 |